Fahm-E-Hadees (Record no. 1636)

MARC details
000 -LEADER
fixed length control field 00569nam a2200241 a 4500
020 ## - INTERNATIONAL STANDARD BOOK NUMBER
ISBN
082 00 - DEWEY DECIMAL CLASSIFICATION NUMBER
Classification number 297.12407
Author Cutter NAD
100 ## - MAIN ENTRY--AUTHOR NAME
Author name Nadvi, Abdul Qaiyyum
245 ## - TITLE STATEMENT
Title Fahm-E-Hadees
260 ## - PUBLICATION, DISTRIBUTION, ETC. (IMPRINT)
Place of publication Karachi
Name of publisher Taj Co. Ltd
Year of publication 0000
300 ## - PHYSICAL DESCRIPTION
Number of Pages 171p
500 ## - GENERAL NOTE
General note includes index and biblioraphy
505 2# - FORMATTED CONTENTS NOTE
Formatted contents note Index
650 ## - SUBJECT ADDED ENTRY--TOPICAL TERM
Topical Term Hadith-Commentaries
942 ## - ADDED ENTRY ELEMENTS (KOHA)
Koha item type Books
700 1# -
-- Nadvi, Abdul Qaiyyum
Holdings
Collection code Home library Current library Date acquired Cost, normal purchase price Full call number Accession Number Koha item type
  Henry Martyn Institute Library Henry Martyn Institute Library 08/07/2007 2.00 297.12407 NAD 03929 Books
                   Copyright © 2026 | Henry Martyn Institute | Hyderabad | TS-500052 | INDIA | Implemented by hmi.edu.in
Hit-Count:

Powered by Koha